Seguridad vial urbana /
Los accidentes de tránsito son la principal causa de muerte entre jóvenes de hasta 30 años. Las picadas y sus consecuencias. Las causas de los accidentes de tránsito. Testimonio de víctimas y especialistas.
Guardado en:
| Autor Corporativo: | |
|---|---|
| Otros Autores: | |
| Formato: | |
| Publicado: |
Argentina,
2008.
|
| Series: | Mejor Hablar de Ciertas Cosas
|
| Materias: | |
| Acceso en línea: | https://www.educ.ar/recursos/100865/seguridad-vial-urbana |
| Etiquetas: |
Agregar Etiqueta
Sin Etiquetas, Sea el primero en etiquetar este registro!
|
| LEADER | 01196ngm a22003135g 4500 | ||
|---|---|---|---|
| 001 | CEM.cems023020 | ||
| 008 | 130507s2008##################0###0#####d | ||
| 005 | 20241204162459.0 | ||
| 245 | 1 | 0 | |a Seguridad vial urbana / |c Canal Encuentro. |
| 260 | |a Argentina, |c 2008. | ||
| 300 | |a 46'. | ||
| 490 | 0 | |a Mejor Hablar de Ciertas Cosas | |
| 500 | |a Consultar en ventanilla. | ||
| 590 | |a Identificación SIABUC: DVD Nº 39 | ||
| 520 | |a Los accidentes de tránsito son la principal causa de muerte entre jóvenes de hasta 30 años. Las picadas y sus consecuencias. Las causas de los accidentes de tránsito. Testimonio de víctimas y especialistas. | ||
| 538 | |a Soporte: DVD - Color: Si - Grabación DRD 2012 | ||
| 110 | 2 | |a Canal Encuentro. | |
| 700 | 1 | |a Pauls, Gastón; Conducción. | |
| 082 | 3 | 6 | |/ PAU-1 |
| 082 | 3 | 6 | |/ ENC-1 |
| 653 | |a SEGURIDAD VIAL | ||
| 653 | |a ACCIDENTES DE TRANSITO | ||
| 653 | |a SOCIEDAD | ||
| 653 | |a VIALIDAD | ||
| 653 | |a MEJOR HABLAR DE CIERTAS COSAS | ||
| 653 | |a NIVEL PRIMARIO | ||
| 653 | |a NIVEL SECUNDARIO | ||
| 856 | |u https://www.educ.ar/recursos/100865/seguridad-vial-urbana | ||
| 859 | |a CEMS |b BIB. CEMS - Depto. Recursos Didacticos |h 360 |i PAU-1 |k DRD |p 1663.12 |t Ej.1 | ||
